[Event "AUTO-MASTER-2721"]
[Site "http://www.queenalice.com/game.php?id=1526459"]
[Date "2018.5.7"]
[Round "1"]
[White "luizmortagua"]
[Black "areis"]
[Result "1/2-1/2"]
[WhiteElo "2164"]
[BlackElo "2155"]

1. c4 e5 2. Nc3 Nf6 3. g3 Be7 4. Bg2 c6 5. e3 d5 6. cxd5 cxd5 7. d4 e4 8. Nge2
O-O 9. O-O a6 10. f3 exf3 11. Bxf3 Bh3 12. Bg2 Bxg2 13. Kxg2 Qd7 14. Rxf6 Bxf6
15. Nf4 Nc6 16. Ncxd5 Bg5 17. Nb6 Qd6 18. Nxa8 Rxa8 19. Qg4 Bxf4 20. Qxf4 Qg6
21. b3 Qc2+ 22. Qf2 Qg6 23. Ba3 Re8 24. Re1 Qe4+ 25. Kg1 Nxd4 26. Rf1 Qxe3 27.
Qxe3 Rxe3 28. Bc5 Rd3 29. Bxd4 Rxd4 30. Rc1 g6 31. Rc7 Rd1+ 32. Kg2 Rd2+ 33. Kh3
Rxa2 34. Rxb7 Rb2 35. Ra7 Rxb3 36. Rxa6 Kg7 37. Ra7 g5 38. Kg4 Kg6 39. h4 h5+
40. Kh3 g4+ 41. Kg2 Rb5 42. Ra4 Kf6 43. Kf2 Ke5 44. Rf4 f5 45. Ra4 Rd5 46. Ke3
Rb5 47. Rf4 Rb3+ 48. Kf2 Rd3 49. Ra4 Rd4 50. Ra5+ Ke4 51. Ra8 Rd2+ 52. Kf1 Ke3
53. Ra5 Ke4 54. Ra4+ Kf3 55. Ra3+ Ke4 56. Ra4+ Rd4 57. Ra5 Rd5 58. Ra4+ Ke5 59.
Kf2 Rd2+ 60. Kf1 Rd3 61. Kg2 Rf3 62. Ra5+ Kd4 63. Ra4+ Ke5 64. Ra5+ Ke4 1/2-1/2

[Event "AUTO-MASTER-2721"]
[Site "http://www.queenalice.com/game.php?id=1526460"]
[Date "2018.5.7"]
[Round "1"]
[White "areis"]
[Black "josebaron"]
[Result "1-0"]
[WhiteElo "2124"]
[BlackElo "2074"]

1. d4 d5 2. Nf3 Nf6 3. Bf4 e6 4. e3 Bd6 5. Bd3 O-O 6. Nbd2 Bxf4 7. exf4 a6 8.
O-O b5 9. Ne5 Bb7 10. Nb3 Nbd7 11. Re1 Nxe5 12. fxe5 Nd7 13. Qh5 h6 14. Re3 f5
15. Rg3 Kh8 16. Qg6 Qe7 17. Re1 Rf7 18. Nc5 Nxc5 19. dxc5 c6 20. b4 a5 21. a3
axb4 22. axb4 Ra4 23. c3 Ra3 24. Be2 Bc8 25. Bh5 f4 26. Rf3 Rf5 27. Qe8+ Qxe8
28. Bxe8 Ra6 29. h4 Rf8 30. Bg6 Bd7 31. g4 Raa8 32. Kg2 Be8 33. Bxe8 Raxe8 34.
Ra1 Ra8 35. Rxa8 Rxa8 36. Rxf4 Ra3 37. Rf3 Kg8 38. Re3 Kf7 39. Kf3 g6 40. Ke2
Ra2+ 41. Kf1 Rc2 42. Rf3+ Ke7 43. Kg2 Re2 44. Rf6 h5 45. Rxg6 hxg4 46. Rxg4 Rxe5
47. Kg3 Kf7 48. Rg5 Re2 49. h5 Rc2 50. h6 Rxc3+ 51. f3 Ra3 52. Kg4 d4 53. Rg7+
Kf6 54. f4 d3 55. Rd7 Ra8 56. Rxd3 Kg6 57. Rd6 Kxh6 58. Rxe6+ Kg7 59. Rxc6 Ra4
60. Rb6 Rxb4 61. c6 Rc4 62. Rb7+ Kg6 63. c7 b4 64. Rb8 Rxc7 65. Rxb4 Rc6 66. Rb5
Kh6 67. Kf5 Kg7 68. Ke5 Kf7 69. f5 Ke7 70. Rd5 Ke8 71. Rd6 Rxd6 72. Kxd6 Kd8 73.
Ke6 Ke8 74. f6 Kf8 75. f7 1-0

[Event "AUTO-MASTER-2721"]
[Site "http://www.queenalice.com/game.php?id=1526461"]
[Date "2018.5.7"]
[Round "1"]
[White "josebaron"]
[Black "areis"]
[Result "0-1"]
[WhiteElo "2148"]
[BlackElo "2112"]

1. e4 c5 2. c4 Nc6 3. Nf3 d6 4. Nc3 g6 5. Be2 Bg7 6. d3 Nf6 7. Nd5 O-O 8. Nxf6+
Bxf6 9. O-O Nd4 10. Nxd4 Bxd4 11. Qc2 f5 12. exf5 Bxf5 13. Be3 Bg7 14. a4 a5 15.
Bf3 Kh8 16. Rab1 Qc7 17. h3 Bxh3 18. gxh3 Rxf3 19. Kg2 Qc6 20. Qe2 Rxe3+ 0-1

[Event "AUTO-MASTER-2721"]
[Site "http://www.queenalice.com/game.php?id=1526462"]
[Date "2018.5.7"]
[Round "1"]
[White "areis"]
[Black "chessman"]
[Result "1-0"]
[WhiteElo "2108"]
[BlackElo "1969"]

1. d4 d5 2. Nf3 e6 3. Bf4 c5 4. e3 Nc6 5. Nbd2 cxd4 6. exd4 Nf6 7. c3 Be7 8. h3
O-O 9. Bd3 a6 10. O-O Re8 11. Ne5 Nxe5 12. dxe5 Nd7 13. Nf3 Nc5 14. Bc2 Bd7 15.
Re1 h6 16. b4 Ne4 17. Bxe4 dxe4 18. Rxe4 Bc6 19. Rd4 Bxf3 20. Qxf3 Qb6 21. Be3
Qc7 22. Bf4 Rac8 23. Rd3 Red8 24. Rad1 b5 25. Qg3 Kh8 26. Qe3 Qc4 27. Bxh6 Rxd3
28. Rxd3 Qh4 29. Bf4 1-0

[Event "AUTO-MASTER-2731"]
[Site "http://www.queenalice.com/game.php?id=1529982"]
[Date "2018.6.5"]
[Round "1"]
[White "areis"]
[Black "LOMBARDY"]
[Result "1-0"]
[WhiteElo "2106"]
[BlackElo "2142"]

1. d4 Nf6 2. Nf3 e6 3. Bf4 d5 4. e3 c5 5. c3 Nc6 6. Bd3 h6 7. h3 cxd4 8. exd4
Bd6 9. Ne5 O-O 10. Nd2 Qc7 11. Ndf3 Nd7 12. Nxc6 bxc6 13. Bxd6 Qxd6 14. Qe2 c5
15. O-O cxd4 16. cxd4 a5 17. Rac1 Ba6 18. Bxa6 Qxa6 19. Qxa6 Rxa6 20. Rc7 Nf6
21. Ne5 a4 22. f3 Rb6 23. Rf2 Rb4 24. Rd2 Nh5 25. Nd3 Rxd4 26. Rcc2 g5 27. Kf2
Rb8 28. g3 Rc4 29. Ne5 Rxc2 30. Rxc2 Nf6 31. Ke1 Rb7 32. Kd2 Nh5 33. h4 Nxg3 34.
hxg5 hxg5 35. Ng4 Kg7 36. Kd3 Nf5 37. Ne5 Ne7 38. Ke3 Ng6 39. Nd3 Kf6 40. Nc5
Ra7 41. Rc3 Ne5 42. b3 axb3 43. axb3 Ra3 44. f4 Nc4+ 45. Kd4 Nd6 46. Nd7+ Ke7
47. Ne5 1-0

[Event "AUTO-MASTER-2731"]
[Site "http://www.queenalice.com/game.php?id=1529983"]
[Date "2018.6.5"]
[Round "1"]
[White "LOMBARDY"]
[Black "areis"]
[Result "1-0"]
[WhiteElo "2130"]
[BlackElo "2118"]

1. c4 e5 2. Nc3 Nf6 3. d3 Bb4 4. Bd2 c6 5. Nf3 d6 6. e3 O-O 7. Be2 Nbd7 8. a3
Ba5 9. b4 Bc7 10. O-O d5 11. cxd5 cxd5 12. Rc1 a6 13. Qb3 Nb6 14. Rfd1 Be6 15.
d4 exd4 16. Nxd4 Qd6 17. g3 Rac8 18. b5 a5 19. Nxe6 fxe6 20. Bf1 Nbd7 21. Be1
Nc5 22. Qa2 b6 23. Bg2 Qe5 24. Ne2 Qh5 25. Nd4 Ng4 26. h3 Ne5 27. Nxe6 Nxe6 28.
Bxd5 Kh8 29. Bxe6 Nf3+ 30. Kg2 Nxe1+ 31. Rxe1 Qf3+ 32. Kg1 Bxg3 33. fxg3 Qxg3+
34. Qg2 Qxg2+ 35. Kxg2 Rcd8 36. Rcd1 Rde8 37. Bd7 Re7 38. Bc6 Ref7 39. Rf1 g6
40. Rxf7 Rxf7 41. Rd8+ Kg7 42. Rd7 Rxd7 43. Bxd7 g5 44. Kf3 h5 45. Ke4 Kf6 46.
Kd5 1-0

[Event "AUTO-MASTER-2731"]
[Site "http://www.queenalice.com/game.php?id=1529984"]
[Date "2018.6.5"]
[Round "1"]
[White "areis"]
[Black "madriles"]
[Result "1-0"]
[WhiteElo "2109"]
[BlackElo "1970"]

1. d4 Nf6 2. Nf3 g6 3. Bf4 Bg7 4. e3 d6 5. Be2 O-O 6. c3 c5 7. h3 b6 8. Nbd2 Bb7
9. O-O Nc6 10. Re1 Nd7 11. Bc4 e5 12. dxe5 dxe5 13. Bg3 Qe7 14. e4 Kh8 15. Nf1
f5 16. exf5 Rxf5 17. Ne3 Rff8 18. Nd5 Qd8 19. Bh4 Qc8 20. Qd2 Nf6 21. Bxf6 Bxf6
22. Nxf6 Rxf6 23. Nxe5 Qf5 24. Ng4 Rff8 25. Re2 Rad8 26. Qh6 Rde8 27. Rae1 Rxe2
28. Rxe2 Nd8 29. Re7 g5 30. Qg7# 1-0

[Event "AUTO-MASTER-2731"]
[Site "http://www.queenalice.com/game.php?id=1529985"]
[Date "2018.6.5"]
[Round "1"]
[White "madriles"]
[Black "areis"]
[Result "0-1"]
[WhiteElo "1944"]
[BlackElo "2117"]

1. d4 d5 2. c4 e6 3. Nf3 a6 4. Nc3 Nf6 5. a3 Be7 6. cxd5 exd5 7. Bf4 O-O 8. e3
Bg4 9. Be2 Nbd7 10. h3 Bf5 11. g4 Be4 12. Rg1 c6 13. Ne5 Bg6 14. Nxg6 hxg6 15.
Bd3 Re8 16. Qc2 Nf8 17. O-O-O Ne6 18. Bh2 Ng5 19. Rg3 Bd6 20. f4 Nge4 21. Rf3
Nxc3 22. Qxc3 Ne4 23. Qe1 f5 24. g5 a5 25. h4 Rc8 26. Kb1 Qb6 27. Ka2 a4 28. Bc2
Qb5 29. Qf1 Qa5 30. Rh3 b5 31. h5 b4 32. Bxe4 Rxe4 33. h6 bxa3 34. h7+ Kh8 35.
bxa3 Qc3 36. Qd3 Qxd3 37. Rxd3 Rb8 38. Rc3 Rb6 39. Rc2 Re8 40. Bg3 Rxe3 41. Rch2
Rxa3# 0-1

[Event "AUTO-MASTER-2731"]
[Site "http://www.queenalice.com/game.php?id=1529986"]
[Date "2018.6.5"]
[Round "1"]
[White "areis"]
[Black "rockaudrey"]
[Result "1-0"]
[WhiteElo "2102"]
[BlackElo "1883"]

1. d4 d5 2. Nf3 e6 3. Bf4 Nf6 4. e3 c5 5. c3 Be7 6. Bd3 O-O 7. h3 Nc6 8. O-O
cxd4 9. exd4 a6 10. Nbd2 Bd6 11. Ne5 Bd7 12. Nxf7 Rxf7 13. Bxd6 Be8 14. Bh2 Qb6
15. Qb3 Qxb3 16. Nxb3 Nd7 17. Bd6 b6 18. f4 Nf6 19. g4 Rd7 20. Be5 Rf7 21. Nd2
Nd7 22. Nf3 Ndxe5 23. fxe5 Bd7 24. Ng5 Rxf1+ 25. Rxf1 h6 26. Nf7 Rf8 27. Nd6
Rxf1+ 28. Kxf1 b5 29. Nb7 Na7 30. Bg6 Nc6 31. Nc5 Bc8 32. Be8 Na5 33. b3 Kf8 34.
Bd7 Bxd7 35. Nxd7+ Ke7 36. Nc5 Nc6 37. Nxa6 Kf7 38. Ke2 Kg6 39. Kf2 Kg5 40. Kg3
1-0

[Event "AUTO-MASTER-2731"]
[Site "http://www.queenalice.com/game.php?id=1529987"]
[Date "2018.6.5"]
[Round "1"]
[White "rockaudrey"]
[Black "areis"]
[Result "0-1"]
[WhiteElo "2012"]
[BlackElo "2134"]

1. e4 c5 2. Nf3 Nc6 3. d4 cxd4 4. Nxd4 Nf6 5. f3 d6 6. Nc3 a6 7. Be3 g6 8. Qd2
Bg7 9. O-O-O Bd7 10. Be2 b5 11. Bd3 Ne5 12. h3 h5 13. f4 Nc4 14. Bxc4 bxc4 15.
f5 Rb8 16. fxg6 fxg6 17. Kb1 Qa5 18. Qe2 Qxc3 0-1

[Event "AUTO-MASTER-2736"]
[Site "http://www.queenalice.com/game.php?id=1531730"]
[Date "2018.6.18"]
[Round "1"]
[White "areis"]
[Black "junipero"]
[Result "0-1"]
[WhiteElo "2135"]
[BlackElo "1995"]

1. d4 d5 2. Nf3 e6 3. Bf4 c5 4. e3 a6 5. a4 Qa5+ 6. c3 b5 7. Nbd2 c4 8. axb5
Qxb5 9. b4 Nf6 10. Ra5 Qb6 11. Ne5 Nfd7 12. Qf3 Nxe5 13. Bxe5 Nc6 14. Ra1 Nxe5
15. dxe5 Bb7 16. Qg3 g6 17. Be2 Bg7 18. Nf3 O-O 19. O-O a5 20. bxa5 Rxa5 21.
Rab1 Qc7 22. Rb4 Rfa8 23. Rfb1 Ra1 24. Rxb7 Qxb7 25. Rxa1 Rxa1+ 26. Bf1 Qb1 0-1

[Event "AUTO-MASTER-2736"]
[Site "http://www.queenalice.com/game.php?id=1531731"]
[Date "2018.6.18"]
[Round "1"]
[White "junipero"]
[Black "areis"]
[Result "0-1"]
[WhiteElo "2080"]
[BlackElo "2107"]

1. d4 d5 2. c4 e6 3. Nc3 a6 4. e3 dxc4 5. Bxc4 b5 6. Be2 Bb7 7. Bf3 c6 8. a3 Nf6
9. b4 Nbd7 10. Bb2 Nd5 11. Nxd5 cxd5 12. Rc1 Rc8 13. Be2 Be7 14. Nf3 Rc7 15. O-O
O-O 16. h3 Bf6 17. Qd2 Nb6 18. Rxc7 Qxc7 19. Rc1 Nc4 20. Bxc4 dxc4 21. Ne1 Qd8
22. Qc2 Qd5 23. f3 Qg5 24. e4 Qe3+ 25. Kh1 Bxd4 26. Bxd4 Qxd4 27. Rd1 Qe5 28.
Qd2 h6 29. Nc2 Qb2 30. Kg1 h5 31. Kf2 f5 32. exf5 exf5 33. Nd4 Qxd2+ 34. Rxd2 g6
35. Ne6 Re8 36. Nc5 Bc8 37. h4 Kf7 38. Re2 Rd8 39. Ke1 Kf6 40. Rd2 Rxd2 41. Kxd2
g5 42. g3 gxh4 43. gxh4 Ke5 44. Ke3 c3 45. f4+ Kd5 46. Kd3 c2 47. Kxc2 Kc4 48.
Kd2 a5 49. Nd3 axb4 50. axb4 Bb7 51. Nc5 Bg2 52. Ne6 Bh3 53. Kc2 Kxb4 54. Kb2
Bg4 55. Nd4 Kc4 56. Ne6 Kd5 57. Nc7+ Ke4 58. Ne6 Kf3 59. Nd4+ Kxf4 60. Nxb5 Kg3
61. Kc3 Kxh4 62. Kd3 Kg3 63. Kd2 f4 64. Ke1 Kg2 65. Nc3 h4 66. Ne4 h3 67. Nf2 h2
68. Nh1 Bh5 69. Nf2 f3 70. Nh1 Bf7 71. Nf2 h1=Q+ 72. Nxh1 Kxh1 73. Kf2 Bd5 74.
Kf1 Bc4+ 75. Kf2 Be2 76. Kg3 Kg1 77. Kh3 f2 0-1

[Event "AUTO-MASTER-2736"]
[Site "http://www.queenalice.com/game.php?id=1531732"]
[Date "2018.6.18"]
[Round "1"]
[White "areis"]
[Black "luizmortagua"]
[Result "0-1"]
[WhiteElo "2119"]
[BlackElo "2176"]

1. d4 d5 2. Nf3 Nf6 3. Bf4 c5 4. e3 Nc6 5. c3 Qb6 6. Qb3 c4 7. Qc2 Bf5 8. Qc1 h6
9. Nbd2 Nh5 10. Bg3 Nxg3 11. hxg3 e6 12. Be2 Be7 13. Nh4 Bh7 14. f4 Qc7 15. Nhf3
a5 16. a4 O-O 17. Ne5 f6 18. Nxc6 Qxc6 19. Bf3 Qc7 20. g4 Qd7 21. Qd1 b5 22.
axb5 Qxb5 23. b3 Bd3 24. bxc4 Bxc4 25. Rb1 Qa6 26. Qa4 Rfb8 27. Kf2 Bd3 28.
Rxb8+ Rxb8 29. Ra1 Rb2 30. Ke1 Rc2 31. Qe8+ Bf8 32. f5 Rxc3 33. Qxe6+ Qxe6 34.
fxe6 Bb4 35. Bxd5 Kf8 36. Kd1 Rc2 37. Nb3 Re2 38. Kc1 Bc3 39. Bf3 Re1+ 40. Bd1
Bxa1 41. Nxa1 Be2 42. Kd2 Rxd1+ 43. Kxe2 Rxa1 44. d5 a4 45. d6 a3 46. Kd3 Rd1+
0-1

[Event "AUTO-MASTER-2736"]
[Site "http://www.queenalice.com/game.php?id=1531733"]
[Date "2018.6.18"]
[Round "1"]
[White "luizmortagua"]
[Black "areis"]
[Result "1-0"]
[WhiteElo "2211"]
[BlackElo "2124"]

1. c4 Nf6 2. Nc3 e6 3. Nf3 Be7 4. d4 d5 5. cxd5 exd5 6. Bf4 O-O 7. e3 c6 8. h3
Bf5 9. Bd3 Bxd3 10. Qxd3 Bb4 11. O-O Bd6 12. Ne5 Qe7 13. a3 a5 14. Na4 Nbd7 15.
Nxd7 Nxd7 16. Bxd6 Qxd6 17. Rfc1 Rfe8 18. Rc2 Re7 19. Rac1 Rae8 20. Qb3 Rb8 21.
Nb6 Nxb6 22. Qxb6 Qd8 23. Qxd8+ Rxd8 24. Rc5 Ra8 25. b4 axb4 26. axb4 h6 27. b5
cxb5 28. Rxb5 Rd7 29. Rcb1 Ra7 30. Rc5 Ra8 31. Rcb5 Rb8 32. Kf1 Kf8 33. Ke2 Ke7
34. Kd3 f5 35. Rb6 Kf7 36. f3 Kg8 37. e4 dxe4+ 38. fxe4 fxe4+ 39. Kxe4 Rbd8 40.
R1b4 Re8+ 41. Kd3 Ree7 42. R4b5 Kf7 43. d5 Ke8 44. Kd4 Kd8 45. g4 Kc8 46. d6 Re1
47. Ra5 Rd1+ 48. Ke5 Re1+ 49. Kf4 Rf7+ 50. Rf5 Rf1+ 51. Ke5 Re1+ 52. Kd5 Rxf5+
53. gxf5 Re3 54. h4 Re1 55. Rb4 Re2 56. Rg4 b5 57. Rxg7 b4 58. f6 b3 59. f7 Rf2
60. Rg8+ Kd7 61. f8=Q Rxf8 62. Rxf8 b2 63. Rb8 h5 64. Rxb2 Kd8 65. Rb7 Kc8 66.
Kc6 Kd8 67. Rc7 Ke8 68. Rd7 Kf8 69. Re7 Kg8 70. Kd5 Kf8 71. Ke6 Kg8 72. Rf7 Kh8
73. d7 Kg8 74. d8=N Kh8 75. Kf6 Kg8 76. Kg6 Kh8 77. Kxh5 Kg8 78. Kg6 Kh8 79. h5
Kg8 80. h6 Kh8 81. Rf8# 1-0

[Event "AUTO-MASTER-2736"]
[Site "http://www.queenalice.com/game.php?id=1531734"]
[Date "2018.6.18"]
[Round "1"]
[White "areis"]
[Black "VictorArruda"]
[Result "0-1"]
[WhiteElo "2155"]
[BlackElo "1888"]

1. d4 d5 2. Nf3 Nf6 3. Bf4 e6 4. e3 c5 5. c3 Be7 6. Bd3 cxd4 7. exd4 O-O 8. h3
Nc6 9. Nbd2 a6 10. a4 Bd7 11. O-O Rc8 12. b4 h6 13. a5 Nh7 14. Bb1 f5 15. Ne5
Nxe5 16. Bxe5 Rxc3 17. Nf3 Bxb4 18. Bf4 Bb5 19. Re1 Rc6 20. Re3 Qc8 21. Ne5 Rc1
0-1

[Event "AUTO-MASTER-2736"]
[Site "http://www.queenalice.com/game.php?id=1531735"]
[Date "2018.6.18"]
[Round "1"]
[White "VictorArruda"]
[Black "areis"]
[Result "1-0"]
[WhiteElo "1967"]
[BlackElo "2119"]

1. d4 d5 2. c4 e6 3. Nf3 a6 4. e3 dxc4 5. Bxc4 b5 6. Bd3 Bb7 7. O-O Nf6 8. a3
Be7 9. b4 Nbd7 10. Bb2 O-O 11. Nbd2 Nb6 12. Nb3 Na4 13. Qc2 Bxf3 14. gxf3 Nxb2
15. Qxb2 c6 16. Rac1 Qb6 17. Nc5 a5 18. Qc2 Rfc8 19. Kh1 axb4 20. axb4 Bxc5 21.
Qxc5 Qxc5 22. bxc5 Nd5 23. Ra1 Nb4 24. Be2 Nd5 25. Kg2 f5 26. f4 Nc7 27. Bf3 Nd5
28. Rfb1 Kf8 29. Kf1 Ke7 30. Ke1 Kd7 31. Kd2 Nc7 32. Rg1 g6 33. h4 Rxa1 34. Rxa1
Ra8 35. Rxa8 Nxa8 36. Kc3 Kc8 37. Bxc6 Nc7 38. Kb4 Nd5+ 39. Bxd5 exd5 40. Kxb5
Kb7 41. c6+ 1-0

[Event "AUTO-MASTER-2721"]
[Site "http://www.queenalice.com/game.php?id=1540069"]
[Date "2018.8.25"]
[Round "2"]
[White "Constante"]
[Black "areis"]
[Result "0-1"]
[WhiteElo "2144"]
[BlackElo "2061"]

1. g3 Nf6 2. c4 c6 3. Bg2 d5 4. Nf3 Bf5 5. cxd5 cxd5 6. Qb3 Qc7 7. Nc3 e6 8. O-O
Nc6 9. Re1 h6 10. d3 Be7 11. Bf4 Qb6 12. Nb5 O-O 13. Be3 Qa5 14. Bd2 Qd8 15.
Rac1 Rc8 16. Nbd4 Nxd4 17. Nxd4 Bg6 18. Rc2 Qd7 19. Rec1 Bd6 20. Nb5 Bb8 21. Nc3
a6 22. Na4 Ba7 23. Nb6 Bxb6 24. Qxb6 Rxc2 25. Rxc2 Rc8 26. Rxc8+ Qxc8 27. Bc3
Nd7 28. Qd4 f6 29. Bh3 Bf7 30. e4 dxe4 31. dxe4 Ne5 32. Kg2 Qd7 33. Qb6 Qc6 34.
Qd8+ Kh7 35. Qd4 Qc4 36. b3 Qe2 37. a4 Qf3+ 38. Kg1 Qe2 39. Bg2 Bh5 40. Qe3 Qxe3
41. fxe3 Bd1 42. b4 Bxa4 43. Bd4 Kg6 44. Bc5 Bb5 45. Bh3 Kf7 46. Bf1 Bxf1 47.
Kxf1 Nf3 48. Kg2 Ng5 49. e5 Ne4 50. Bd4 f5 51. Kf3 g5 52. g4 Kg6 53. h3 h5 54.
Bb6 Nd2+ 55. Ke2 Nc4 56. Bd4 hxg4 57. hxg4 fxg4 58. Kd3 b5 59. e4 g3 60. Ke2 Kh5
61. Kf3 Kh4 62. Kg2 Nd2 63. Bc5 Kg4 64. Be3 Nxe4 65. Bc5 a5 66. Be3 axb4 67. Bc1
b3 68. Bb2 Nc5 69. Bc3 Nd3 0-1

[Event "AUTO-MASTER-2721"]
[Site "http://www.queenalice.com/game.php?id=1540070"]
[Date "2018.8.25"]
[Round "2"]
[White "areis"]
[Black "Constante"]
[Result "1/2-1/2"]
[WhiteElo "2058"]
[BlackElo "2129"]

1. d4 Nf6 2. Nf3 c5 3. Bf4 cxd4 4. Qxd4 Nc6 5. Qa4 d6 6. e3 g6 7. Nbd2 Bg7 8.
Nd4 Bd7 9. Bb5 Nxd4 10. exd4 O-O 11. Bxd7 Nxd7 12. c3 Nb6 13. Qb3 e5 14. dxe5
dxe5 15. Be3 Nd5 16. Bc5 Re8 17. O-O Nf4 18. Ne4 b6 19. Rfd1 Qc7 20. Ba3 Qc6 21.
f3 Rad8 22. Ng5 Ne6 23. Nxe6 Rxd1+ 24. Rxd1 fxe6 25. Rd6 Qc8 26. Qa4 Bf8 27. Rc6
Qd7 28. Bxf8 Rxf8 29. Qc4 Re8 30. Kf2 Re7 31. Ke2 Kf7 32. b4 Qd5 33. b5 Rd7 34.
Qxd5 exd5 35. g4 Ke7 36. g5 d4 37. cxd4 Rxd4 38. Rc7+ Rd7 39. Rc6 Rd5 40. Rc7+
Ke6 41. Rxh7 Rxb5 42. Rxa7 Rb2+ 43. Ke3 Rxh2 44. a4 Ra2 45. Ke4 Rb2 46. Ra6 Rb4+
47. Ke3 Kf5 48. a5 bxa5 49. Rxa5 Rb3+ 50. Kf2 Kf4 51. Ra4+ Kxg5 52. Re4 Kf5 53.
Kg2 g5 54. Kf2 g4 55. Rxg4 Rd3 56. Ke2 Ra3 57. Kf2 Ra2+ 58. Kg3 Ra3 59. Re4 Rd3
60. Kf2 1/2-1/2

[Event "AUTO-MASTER-2721"]
[Site "http://www.queenalice.com/game.php?id=1540071"]
[Date "2018.8.25"]
[Round "2"]
[White "ratorei"]
[Black "areis"]
[Result "1-0"]
[WhiteElo "2122"]
[BlackElo "2115"]

1. e4 c5 2. Nf3 Nc6 3. d4 cxd4 4. Nxd4 g6 5. Nc3 Bg7 6. Nxc6 bxc6 7. Bd2 d6 8.
Bd3 Nf6 9. O-O O-O 10. h3 a5 11. Qe2 Qb6 12. Rab1 Ba6 13. Be3 Qb7 14. f4 Nh5 15.
Qf2 Bxd3 16. cxd3 Qa6 17. d4 Qc4 18. e5 dxe5 19. dxe5 Bh8 20. Rfc1 Qd3 21. Rd1
Qa6 22. Rd7 e6 23. Rbd1 Ng7 24. g4 h5 25. Ne4 Ne8 26. Bc5 hxg4 27. Bxf8 Kxf8 28.
Qh4 Bg7 29. Qe7+ 1-0

[Event "AUTO-MASTER-2721"]
[Site "http://www.queenalice.com/game.php?id=1540072"]
[Date "2018.8.25"]
[Round "2"]
[White "areis"]
[Black "ratorei"]
[Result "0-1"]
[WhiteElo "2101"]
[BlackElo "2103"]

1. d4 Nf6 2. Nf3 d6 3. Bf4 e6 4. e3 Be7 5. h3 Nc6 6. Nbd2 a6 7. c4 O-O 8. Be2
Re8 9. O-O Nh5 10. Bh2 g6 11. a3 d5 12. c5 Ng7 13. b4 Na7 14. Qb3 b5 15. a4 Bb7
16. axb5 axb5 17. Ra2 Nc8 18. Rfa1 Rxa2 19. Rxa2 f6 20. Bxb5 c6 21. Ba6 Qd7 22.
Qa4 Bd8 23. Nb3 Nf5 24. Kf1 Re7 25. Ke2 h5 26. Kd3 g5 27. Kc3 g4 28. hxg4 hxg4
29. Ne1 e5 30. Nc2 Rh7 31. Bxb7 Qxb7 32. Bg3 Nxg3 33. fxg3 e4 34. Nca1 Kg7 35.
Rf2 Na7 36. Nc2 Nb5+ 37. Kd2 Bc7 38. Na5 Qa8 39. Na3 Nxa3 40. Qxa3 Bxg3 41. Re2
Kg6 42. Qa4 Qa6 43. Qc2 f5 44. Kc3 Bc7 45. Kb3 Bxa5 46. bxa5 Rb7+ 47. Ka4 Qb5+
0-1

[Event "AUTO-MASTER-2731"]
[Site "http://www.queenalice.com/game.php?id=1540749"]
[Date "2018.8.31"]
[Round "2"]
[White "jiba45"]
[Black "areis"]
[Result "1-0"]
[WhiteElo "2491"]
[BlackElo "2102"]

1. d4 d5 2. Nf3 Nf6 3. c4 e6 4. g3 a6 5. Bg2 Be7 6. O-O O-O 7. Nc3 dxc4 8. Ne5
c6 9. Nxc4 Nbd7 10. a4 a5 11. Qb3 Bb4 12. Rd1 Nb6 13. e4 Nxc4 14. Qxc4 Qe7 15.
Na2 Bd7 16. Nxb4 axb4 17. a5 b5 18. Qc5 Qxc5 19. dxc5 Rfd8 20. Bd2 b3 21. Bc3
Be8 22. Rxd8 Rxd8 23. a6 Ra8 24. a7 Kf8 25. Be5 Ke7 26. Ra6 Kd7 27. Bb8 Kc8 28.
f4 Kb7 29. Rb6+ Kc8 30. Kf2 Nd7 31. Rxc6+ Kd8 32. Rd6 Kc8 33. e5 Rxb8 34. c6 Nc5
35. Rd8+ 1-0

[Event "AUTO-MASTER-2731"]
[Site "http://www.queenalice.com/game.php?id=1540750"]
[Date "2018.8.31"]
[Round "2"]
[White "areis"]
[Black "jiba45"]
[Result "0-1"]
[WhiteElo "2103"]
[BlackElo "2490"]

1. d4 Nf6 2. Nf3 d5 3. Bf4 c5 4. e3 Nc6 5. c3 e6 6. Nbd2 Be7 7. h3 O-O 8. Bd3 b6
9. O-O Bb7 10. Ne5 h6 11. Rc1 Bd6 12. Bb1 Qc7 13. Qc2 Nxe5 14. dxe5 Bxe5 15.
Bxe5 Qxe5 16. Nf3 Qc7 17. g4 e5 18. g5 hxg5 19. Nxg5 e4 20. f4 Qe7 21. Qg2 Rad8
22. Rcd1 Rd6 23. Kh2 Rfd8 24. Rg1 Ne8 25. Nxe4 dxe4 0-1

[Event "AUTO-MASTER-2731"]
[Site "http://www.queenalice.com/game.php?id=1540753"]
[Date "2018.8.31"]
[Round "2"]
[White "areis"]
[Black "LOMBARDY"]
[Result "0-1"]
[WhiteElo "2071"]
[BlackElo "2149"]

1. d4 f5 2. Nf3 Nf6 3. Bf4 d6 4. e3 g6 5. Nbd2 Bg7 6. Bc4 c6 7. h3 b5 8. Bb3 a5
9. a3 d5 10. Ne5 Bb7 11. Nd3 Nbd7 12. Nf3 O-O 13. O-O Ne4 14. Nfe5 e6 15. Nxd7
Qxd7 16. Be5 Nf6 17. Nc5 Qc8 18. Qf3 Ne4 19. Nxe4 fxe4 20. Qg3 Rf5 21. Bxg7 Kxg7
22. c3 Qd7 23. Bc2 Rf6 24. Qe5 Rf8 25. Bd1 Kg8 26. Be2 Bc8 27. b3 Qe7 28. a4 b4
29. c4 Rf5 30. Qg3 Rg5 31. Qh2 e5 32. dxe5 Rxe5 33. cxd5 cxd5 34. Rfd1 Ref5 35.
Rf1 Qf6 36. f4 Qc3 37. Kf2 d4 38. Bc4+ Kg7 39. Qg3 dxe3+ 40. Kg1 R5f6 41. Rae1
e2 42. Qxc3 exf1=Q+ 43. Kxf1 bxc3 0-1

[Event "AUTO-MASTER-2731"]
[Site "http://www.queenalice.com/game.php?id=1540754"]
[Date "2018.8.31"]
[Round "2"]
[White "LOMBARDY"]
[Black "areis"]
[Result "1-0"]
[WhiteElo "2139"]
[BlackElo "2085"]

1. e4 c5 2. Nf3 Nc6 3. c3 g6 4. Bb5 Bg7 5. O-O Nf6 6. d3 O-O 7. Re1 d6 8. Nbd2
Bd7 9. Nf1 Qc7 10. h3 Rad8 11. Ba4 a6 12. Bc2 b5 13. Bf4 Qb7 14. Qd2 Nh5 15. Bh6
a5 16. Bxg7 Nxg7 17. Ne3 e6 18. Ng4 f5 19. exf5 exf5 20. Ngh2 Rde8 21. d4 cxd4
22. Nxd4 Ne5 23. Qg5 Ne6 24. Bb3 Kg7 25. Bxe6 Bxe6 26. Rad1 Rf6 27. b3 Bf7 28.
Kf1 Qa6 29. Kg1 a4 30. f4 Nc6 31. Nhf3 axb3 32. axb3 Qb6 33. Rxe8 Bxe8 34. Qh4
h6 35. Qe1 Bf7 36. Kh1 Nxd4 37. Nxd4 Qb7 38. Qe2 b4 39. c4 d5 40. c5 Qc7 41. Qf2
Kh7 42. Nb5 Rc6 43. Nxc7 1-0